Quick Pick: Which Martin? Quiz Stats

 Plays Quiz Updated Nov 26, 2016

Challenge
Share
Tweet
Embed
Score 0/10 Timer 01:00
4 Plays Today
% Correct
Martin Luther King, Jr.
87.5%
Martin Scorsese
84.1%
Dean Martin
83.4%
Martin Luther
76.3%
George R.R. Martin
73.9%
Martin Lawrence
71.1%
Billy Martin
68.5%
Martin Freeman
64.9%
Paul Martin
55.1%
Lionel Martin
45.2%

Today's Daily Dose

Missing Word
Biopics

Word Ladder
Food Idioms

Quick Pick
Diets

On This Day
December 18th II

You're not logged in!

Compare scores with friends on all Sporcle quizzes.
OR
Log In

You Might Also Like...

Show Comments

Extras

Top Quizzes Today


Score Distribution

Your Account Isn't Verified!

In order to create a playlist on Sporcle, you need to verify the email address you used during registration. Go to your Sporcle Settings to finish the process.

Report this User

Report this user for behavior that violates our Community Guidelines.

Details: